Անցեք բովանդակությանը

Технологии инклюзии инвалидов и лиц с ограниченными возможностями здоровья Учебное пособие

В учебном пособии анализируются социальные технологии используемые в различных сферах общественной жизни: образовании занятости труде и др. — которые направлены на инклюзию лиц имеющих инвалидность и ограничение возможностей здоровья (ОВЗ). Приводятся общие рекомендации по социальному проектированию...

Ամբողջական նկարագրություն

Պահպանված է:
Մատենագիտական մանրամասներ
Հիմնական հեղինակ: Воеводина Е.В
Ձևաչափ: Учебное пособие
Հրատարակություն:1
Շարք:Высшее образование: Бакалавриат (Финуниверситет)
Առցանց հասանելիություն:https://znanium.com/catalog/document?id=416795
https://znanium.com/cover/1899/1899780.jpg
Ցուցիչներ: Ավելացրեք ցուցիչ
Չկան պիտակներ, Եղեք առաջինը, ով նշում է այս գրառումը!
LEADER 03117nam0a2200325 i 4500
001 RU\infra-m\znanium\bibl\1899780
003 https://znanium.com/catalog/document?id=416795
005 20240220000000.0
010 |a 978-5-16-016955-2 
010 |a 978-5-16-109529-4  |b электр. издание 
100 |a 20240220d2022 m y0rusy0150 ca 
101 0 |a rus 
102 |a RU 
200 1 |a Технологии инклюзии инвалидов и лиц с ограниченными возможностями здоровья  |e Учебное пособие 
205 |a 1 
210 1 |a Москва  |c ООО "Научно-издательский центр ИНФРА-М"  |d 2023 
215 |a 203 с. 
225 1 |a Высшее образование: Бакалавриат (Финуниверситет) 
330 |a В учебном пособии анализируются социальные технологии используемые в различных сферах общественной жизни: образовании занятости труде и др. — которые направлены на инклюзию лиц имеющих инвалидность и ограничение возможностей здоровья (ОВЗ). Приводятся общие рекомендации по социальному проектированию и организации исследований в сфере инклюзии затрагиваются ее этические и гендерные аспекты. Соответствует требованиям федеральных государственных образовательных стандартов высшего образования последнего поколения. Для студентов высших учебных заведений обучающихся по направлениям подготовки «Социология» «Социальная работа» «Философия» (уровень бакалавриата) а также для магистров и аспирантов практических специалистов интересующихся проблемами инклюзии людей имеющих инвалидность и ОВЗ. 
333 |a ВО - Бакалавриат 
606 |a Политика. Социология  |x Социальная работа. Социальная политика  |2 local 
608 |a Учебное пособие  |2 local 
675 |a 316.35(075.8)  |z rus 
686 |a 60.54я73  |2 rubbk 
686 |a 39.03.01  |2 okso 
686 |a 39.03.02  |2 okso 
700 1 |a Воеводина  |b Е.В.  |g Екатерина Владимировна 
801 0 |a RU  |b Общество с ограниченной ответственностью «ЗНАНИУМ»  |c 20220718  |2 rusmarc 
856 4 |a znanium.com  |m ebs_support@infra-m.ru  |n НИЦ ИНФРА-М  |u https://znanium.com/catalog/document?id=416795 
856 4 1 |a znanium.com  |d /cover/1899  |f 1899780.jpg  |q image/jpeg  |u https://znanium.com/cover/1899/1899780.jpg